UNESCO Thesaurus : A Structured List of Descriptors for Indexing and Retrieving Literature in the Fields of Education, Science, Social and Human Science, Culture, Communication and Information = Thesaurus de l'UNESCO, Tesauro de la UNESCO /

Lista estructurada de descriptores para la indización y la recuperación bibliográficas en las esferas de la educación, la ciencia, la cultura, la comunicación y la información. Contenido: Lista alfabética estructurada y permutada; Lista jerárquica por microtesauro; Indice francés-inglés-español de d...

Celý popis

Uloženo v:
Podrobná bibliografie
Korporativní autor: UNESCO
Médium: Kniha
Jazyk:angličtina
Vydáno: París, Francia : UNESCO, 1995, c1995
Témata:
Tagy: Přidat tag
Žádné tagy, Buďte první, kdo vytvoří štítek k tomuto záznamu!

MARC

LEADER 00000nam^a2200000^a^4500
001 000175850
005 20250521000000.0
009 20260310101619.557
020 |a 92-3-003100-3 
037 |a Acervo ITESO - Biblioteca 
041 |a ING 
082 |a 025. 49  |b UNESCO 
110 |a UNESCO 
245 1 0 |a UNESCO Thesaurus :  |b A Structured List of Descriptors for Indexing and Retrieving Literature in the Fields of Education, Science, Social and Human Science, Culture, Communication and Information = Thesaurus de l'UNESCO, Tesauro de la UNESCO / 
264 4 |a París, Francia :  |b UNESCO,  |c 1995, c1995 
300 |a XXXIX, 705 p. 
336 |a texto  |b txt  |2 rdacontenido 
337 |a sin mediación  |b n  |2 rdamedio 
338 |a volumen  |b nc  |2 rdasoporte 
520 |a Lista estructurada de descriptores para la indización y la recuperación bibliográficas en las esferas de la educación, la ciencia, la cultura, la comunicación y la información. Contenido: Lista alfabética estructurada y permutada; Lista jerárquica por microtesauro; Indice francés-inglés-español de descriptores; Indice español-inglés-francés de descriptores. 
649 |a XX 
650 |a Tesauros 
650 |a Encabezamientos de Materia 
650 |a Biblioteconomía 
740 0 |a Thesaurus de l'UNESCO / 
740 0 |a Tesauro de la UNESCO / 
910 |a Fondo General 
920 |a Impresos - Libros 
930 |a Obras de Referencia 
940 |a Biblioteconomía 
905 |a 102 
901 |a 0500113878  |b IT2  |c REF  |u 20250521 
902 |a https://opac.biblio.iteso.mx/vufind/Record/000175850